Kenya's urban development in the 21st century : (Record no. 637)
[ view plain ]
| 000 -LEADER | |
|---|---|
| fixed length control field | 01311cam a2200325 a 4500 |
| 001 - CONTROL NUMBER | |
| control field | 17064125 |
| 003 - CONTROL NUMBER IDENTIFIER | |
| control field | OSt |
| 005 - DATE AND TIME OF LATEST TRANSACTION | |
| control field | 20230606115903.0 |
| 008 - FIXED-LENGTH DATA ELEMENTS--GENERAL INFORMATION | |
| fixed length control field | 111201s2011 ke ab b 000 0 eng |
| 010 ## - LIBRARY OF CONGRESS CONTROL NUMBER | |
| LC control number | 2011343834 |
| 020 ## - INTERNATIONAL STANDARD BOOK NUMBER | |
| International Standard Book Number | 9966411593 |
| 040 ## - CATALOGING SOURCE | |
| Original cataloging agency | DLC |
| Transcribing agency | DLC |
| Modifying agency | DLC |
| 042 ## - AUTHENTICATION CODE | |
| Authentication code | lcode |
| -- | pcc |
| 043 ## - GEOGRAPHIC AREA CODE | |
| Geographic area code | f-ke--- |
| 082 ## - DEWEY DECIMAL CLASSIFICATION NUMBER | |
| Classification number | 352.14 |
| Item number | WER |
| 100 1# - MAIN ENTRY--PERSONAL NAME | |
| Personal name | Werner, M. C. M. |
| Fuller form of name | (Marcel C. M.) |
| 245 10 - TITLE STATEMENT | |
| Title | Kenya's urban development in the 21st century : |
| Remainder of title | the call for innovative initiatives from local authorities / |
| Statement of responsibility, etc. | Marcel C. Werner, Viola A. Otieno, Judi W. Wakhungu. |
| 250 ## - EDITION STATEMENT | |
| Edition statement | 1st ed. |
| 260 ## - PUBLICATION, DISTRIBUTION, ETC. (IMPRINT) | |
| Place of publication, distribution, etc. | Nairobi : |
| Name of publisher, distributor, etc. | Development Trust Innovation Africa and African Centre for Technology Studies, |
| Date of publication, distribution, etc. | 2011. |
| 300 ## - PHYSICAL DESCRIPTION | |
| Extent | xii, 108 p. : |
| Other physical details | col. ill., col. maps ; |
| Dimensions | 27 cm. |
| 504 ## - BIBLIOGRAPHY, ETC. NOTE | |
| Bibliography, etc | Includes bibliographical references (p. 107-108). |
| 650 #0 - SUBJECT ADDED ENTRY--TOPICAL TERM | |
| Topical term or geographic name as entry element | Local government |
| Geographic subdivision | Kenya. |
| 651 #0 - SUBJECT ADDED ENTRY--GEOGRAPHIC NAME | |
| Geographic name | Kenya |
| General subdivision | Politics and government |
| Chronological subdivision | 21st century. |
| 700 1# - ADDED ENTRY--PERSONAL NAME | |
| Personal name | Otieno, Viola A. |
| 700 1# - ADDED ENTRY--PERSONAL NAME | |
| Personal name | Wakhungu, Judi Wangalwa, |
| Dates associated with a name | 1962- |
| 856 41 - ELECTRONIC LOCATION AND ACCESS | |
| Materials specified | Table of contents only |
| Uniform Resource Identifier | <a href="http://www.loc.gov/catdir/toc/fy13pdf02/2011343834.html">http://www.loc.gov/catdir/toc/fy13pdf02/2011343834.html</a> |
| 906 ## - LOCAL DATA ELEMENT F, LDF (RLIN) | |
| a | 7 |
| b | cbc |
| c | origode |
| d | 3 |
| e | ncip |
| f | 20 |
| g | y-gencatlg |
| 942 ## - ADDED ENTRY ELEMENTS (KOHA) | |
| Source of classification or shelving scheme | Dewey Decimal Classification |
| Koha item type | Books |
| Withdrawn status | Lost status | Source of classification or shelving scheme | Damaged status | Not for loan | Home library | Current library | Date acquired | Total Checkouts | Full call number | Barcode | Date last seen | Price effective from | Koha item type |
|---|---|---|---|---|---|---|---|---|---|---|---|---|---|
| Dewey Decimal Classification | Bunge Tower Library | Bunge Tower Library | 06/06/2023 | 352.14 WER | 1000498 | 06/06/2023 | 06/06/2023 | Books |
